000 01250nam a2200229Ia 4500
001 L269-22321
003 IT-CnALBA
008 170116s9999||||xx |||||||||||||| ||und||
040 _aIT-CnALBA
_cIT-CnALBA
041 _aITALIANO
100 _aTALIERCIO GIUSEPPE, MONSIGNORE
245 0 _aCRISTO, CUORE DEL MONDO. - LA MISSIONE DEL CRISTIANO.
250 _a1a ed.
260 _aCINISELLO BALSAMO (MI)
_bEDIZIONI PAOLINE
_c1992 [1° Ed.:1992 - Ed.Ling.Originale: 1992]
300 _a158 p. (prefazione: 5)
500 _aVOCAZIONE UNIVERSALE. CHIAMATA E RISPOSTA. SPIRITUALITÀ DEL CUORE. FONDAMENTO BIBLICO E PATRISTICO. SANGUE ED ACQUA. IL CUORE NELLA BIBBIA. MESSAGGIO INCARNAZIONE. APOSTOLI DI MISERICORDIA. LA SOFFERENZA. IMPEGNO CRISTIANO. SPERANZA. CONSACRAZIONE DELLA F
501 _aSocietà San Paolo EM - Piazza San Paolo, 14 - 12051 ALBA (CN) (non commercial uses only) ® Copyright 2017
520 _aVOCAZIONE UNIVERSALE. CHIAMATA E RISPOSTA. SPIRITUALITÀ DEL CUORE. FONDAMENTO BIBLICO E PATRISTICO. SANGUE ED ACQUA. IL CUORE NELLA BIBBIA. MESSAGGIO INCARNAZIONE. APOSTOLI DI MISERICORDIA. LA SOFFERENZA. IMPEGNO CRISTIANO. SPERANZA. CONSACRAZIONE DELLA F
650 _aEVANGELIZZAZIONE
942 _cBK
957 _71
999 _a27063
_bNO
_g Copie: 1
_c281425
_d281425